Normovanie práce a stanovenie spotreby času práce

Negatívne faktory v normovaní práce v predchádzajúcom období. Zmena postavenia a úloh normovania práce. Uplatňovanie noriem pri kalkulácii a tvore cien.

Salvato in:
Dettagli Bibliografici
Autore principale: Moravec, Ján
Natura: Capitolo di libro
Lingua:slovacco
Soggetti:
Tags: Aggiungi Tag
Nessun Tag, puoi essere il primo ad aggiungerne!!

MARC

LEADER 00000naa a2200000 4500
001 0181634
005 20231207075335.8
041 0 |a slo 
044 |a SK 
245 1 0 |a Normovanie práce a stanovenie spotreby času práce  |c Ján Moravec 
520 |a Negatívne faktory v normovaní práce v predchádzajúcom období. Zmena postavenia a úloh normovania práce. Uplatňovanie noriem pri kalkulácii a tvore cien. 
610 2 0 |a normovanie práce 
610 2 0 |a čas 
610 2 0 |a racionalizácia práce 
100 1 |a Moravec, Ján